000 00316nam a22001337a 4500
008 181217b xxu||||| |||| 00| 0 eng d
020 _a9780874774245
041 _aeng
080 _a701
100 _a44
101 _aART
245 _aThe New Drawing on the Right Side of the Brain
_cEdwards,B
942 _2udc
_cBK
999 _c53272
_d53272